|
|
|
|
| LEADER |
00000ckm a2200000 a 4500 |
| 001 |
vtls001204884 |
| 003 |
SK-MaSNL |
| 005 |
20260331202647.0 |
| 007 |
kf co |
| 008 |
230718s1989 xo g 0kuslo |
| 015 |
|
|
|a SNBG1989
|
| 035 |
|
|
|a SNK000147954
|
| 035 |
|
|
|a urn:nbn:sk:snk-km3lwip
|
| 035 |
|
|
|a 43201D33-7CE4-4885-8003-C285CEE08681
|
| 035 |
|
|
|a urn:nbn:sk:snk-km00dr5x
|
| 040 |
|
|
|a SNK
|b slo
|c SNK
|e AACR2
|
| 041 |
0 |
|
|a slo
|
| 043 |
|
|
|a e-xo---
|
| 044 |
|
|
|a xo
|c SK
|
| 072 |
|
7 |
|a 913
|x Regionálna geografia
|2 konspekt
|
| 080 |
|
|
|a 913(437.6)
|2 2011
|
| 080 |
|
|
|a 640.41/.42
|2 2011
|
| 080 |
|
|
|a 640.4/.5
|2 2011
|
| 080 |
|
|
|a 613.47
|2 2011
|
| 080 |
|
|
|a 556.55
|2 2011
|
| 080 |
|
|
|a (084.121)
|2 2011
|
| 080 |
|
|
|a 629.53
|2 2011
|
| 100 |
1 |
|
|a Šmátrala, Milan
|c (fotograf)
|4 pht
|9 164919
|
| 245 |
1 |
0 |
|a Senec - Slnečné jazerá
|h grafika
|c foto: Milan Šmátrala, Miroslav Veliký, Miroslav Mádr
|
| 246 |
1 |
|
|i Názov na obrazovej časti:
|a Senec
|
| 260 |
|
|
|a Bratislava
|b Pravda
|c 1989
|
| 300 |
|
|
|a 1 pohľadnica (4 čiastkové pohľady)
|b farebná
|c 11 x 15 cm
|
| 520 |
8 |
|
|a Zobrazenie: V bielom orámovaní pohľady na plachetnice a návštevníkov Slnečných jazier
|
| 650 |
0 |
7 |
|a ubytovacie zariadenia
|2 SNKPH
|9 70233
|
| 650 |
0 |
7 |
|a stravovacie zariadenia
|2 SNKPH
|9 73125
|
| 650 |
0 |
7 |
|a plážové kúpaliská
|2 SNKPH
|9 85099
|
| 650 |
0 |
7 |
|a jazerá
|2 SNKPH
|9 19987
|
| 650 |
0 |
7 |
|a plachetnice
|2 SNKPH
|9 55022
|
| 651 |
|
7 |
|a Slnečné jazerá (Slovensko)
|2 SNKPHgeo
|9 93691
|
| 651 |
|
7 |
|a Senec (Slovensko)
|2 SNKPHgeo
|9 175132
|
| 655 |
|
7 |
|a miestne pohľadnice
|2 SNKPH
|9 70510
|
| 700 |
1 |
|
|a Veliký, Miroslav
|c (fotograf)
|4 pht
|9 283313
|
| 700 |
1 |
|
|a Mádr, Miroslav
|c (fotograf)
|4 pht
|9 351283
|
| 852 |
|
|
|a Slovenská národná knižnica
|
| 954 |
|
|
|a pohľadnice pôvodné (slovenské)
|2 lita
|
| 958 |
|
|
|a GBN
|
| 958 |
|
|
|a TL
|
| 958 |
|
|
|a GC
|
| 958 |
|
|
|a OND
|
| 999 |
|
|
|c 1213288
|d 1215218
|
| 952 |
|
|
|a SNK
|b SNK
|y PREZ
|7 0
|p 17A1297689
|o snk 141543
|i snk573/90
|0 0
|1 0
|4 0
|d 2018-11-08
|f 1
|l 0
|r 2026-02-24 23:19:28
|w 2026-02-24
|
| 952 |
|
|
|a SNK
|b SNK
|y PREZ
|7 0
|p 17A1297647
|o snk 141543 D1
|i snk574/90
|0 0
|1 0
|4 0
|d 2018-11-08
|l 0
|r 2026-02-24 23:19:28
|w 2026-02-24
|